[Event "34th European Club Cup 2018"]
[Site "Halkidiki"]
[Date "2018.10.17"]
[Round "6"]
[White "Galburd, Yan"]
[Black "Stojcevski, Zoran"]
[Result "1/2-1/2"]
[WhiteElo "2358"]
[BlackElo "2348"]
[Annotator "NA"]
[PlyCount "81"]
[EventDate "2018.10.12"]
[EventType "team-tourn"]
[EventCountry "GRE"]
[SourceTitle "playchess.com"]
[Source "ChessBase"]
[SourceQuality "1"]
[WhiteTeam "Rehovot"]
[BlackTeam "Asseco SEE"]

1. Nf3 d5 2. d4 Nf6 3. Bf4 Bf5 4. Nh4 Bc8 5. e3 c5 6. Nd2 Nc6 7. c3 g6 8. Be2 Bg7 9. Nhf3 O-O 10. dxc5 a5 11. a4 h6 12. h3 Nd7 13. Nb3 e5 14. Bh2 Ndb8 15. O-O Be6 16. Rc1 Qe7 17. Bb5 Rd8 18. Qc2 Qf6 19. Nfd2 Nd7 20. e4 Qe7 21. f4 exf4 22. Bxf4 Nxc5 23. Nxc5 Qxc5+ 24. Kh1 Rac8 25. Nb3 Qb6 26. Qf2 Qxf2 27. Rxf2 dxe4 28. Nc5 g5 29. Nxe6 fxe6 30. Be3 Ne5 31. Re2 Nc4 32. Bg1 e3 33. Bxe3 Nxe3 34. Rxe3 Kf7 35. b3 Ke7 36. Bc4 Rc6 37. Rce1 e5 38. Kh2 Rd2 39. Kg3 Rcd6 40. Rf3 Bf6 41. Rfe3 1/2-1/2

[Event "34th European Club Cup 2018"]
[Site "Halkidiki"]
[Date "2018.10.17"]
[Round "6"]
[White "Ledger, Andrew J"]
[Black "Jaksland, Tim"]
[Result "0-1"]
[WhiteElo "2353"]
[BlackElo "2214"]
[Annotator "TA"]
[PlyCount "271"]
[EventDate "2018.10.12"]
[EventType "team-tourn"]
[EventCountry "GRE"]
[SourceTitle "playchess.com"]
[Source "ChessBase"]
[SourceQuality "1"]
[WhiteTeam "Blackthorne"]
[BlackTeam "Hillerod"]

1. d4 Nf6 2. Nf3 g6 3. c4 c5 4. Nc3 cxd4 5. Nxd4 d5 6. Bf4 Bg7 7. Ndb5 O-O 8. e3 Qa5 9. Qd2 dxc4 10. Bxc4 Nc6 11. O-O a6 12. Bc7 Qb4 13. Na3 Bf5 14. Rfd1 Rac8 15. Bg3 Rfd8 16. Qe2 Ne4 17. Nxe4 Bxe4 18. Nc2 Bxc2 19. Qxc2 Nd4 20. exd4 Rxc4 21. Qe2 Rcxd4 22. Rxd4 Qxd4 23. Rb1 Qd3 24. Qxd3 Rxd3 25. Bf4 e5 26. Be3 f5 27. Kf1 Kf7 28. Ke2 Rd7 29. Rc1 e4 30. b3 Be5 31. g3 Rc7 32. Rxc7+ Bxc7 33. f3 Ke6 34. fxe4 fxe4 35. Bf2 Kd5 36. h3 Bd6 37. g4 Bc5 38. Be1 Bd4 39. Bh4 Kc5 40. Be7+ Kb5 41. a4+ Kc6 42. Bb4 b5 43. axb5+ Kxb5 44. Be1 Bc5 45. Kd1 Bd4 46. Ke2 Kc5 47. Ba5 Kd5 48. Be1 Bg1 49. Bc3 Bd4 50. Be1 Be5 51. Bf2 Bc7 52. Bg1 Bf4 53. Bb6 Bg5 54. Bf2 Ke5 55. Bb6 Bc1 56. Kd1 Bb2 57. Be3 Bd4 58. Bh6 Bg1 59. Ke2 Bc5 60. Bc1 Bg1 61. Kf1 Bh2 62. Ke2 Bf4 63. Bb2+ Kd5 64. Ba3 Bh6 65. Bb2 Bg5 66. Ba3 h6 67. Bb2 Be7 68. Bg7 h5 69. Bb2 Bc5 70. Bc1 Ke5 71. Bh6 Ba3 72. Bg5 hxg4 73. hxg4 Bc5 74. Bh6 Bg1 75. Kf1 Bh2 76. Ke2 Bf4 77. Bg7+ Kd5 78. Bb2 Be5 79. Bc1 Kc5 80. Ba3+ Kd5 81. Bc1 Bc3 82. Bh6 Bb2 83. Bf8 Bf6 84. Ba3 Be5 85. Bc1 Bc7 86. Bb2 Bf4 87. Ba3 Bh6 88. Bb2 Bg5 89. Bg7 e3 90. Kd3 e2 91. Bc3 Bh4 92. Kxe2 Ke4 93. Bd2 Bg3 94. Bc1 Bd6 95. Bd2 Bf4 96. Ba5 Bg5 97. Bc7 Kd4 98. Ba5 Bc1 99. Bb4 Bb2 100. Bd2 Bc3 101. Bg5 Ba5 102. Bf6+ Ke4 103. Bg5 Bc7 104. Bc1 Be5 105. Bh6 Bc3 106. Bg5 Be5 107. Bh6 Bf4 108. Bf8 Bc1 109. Bd6 Be3 110. Be7 Bb6 111. Bg5 Bc7 112. Bh6 Be5 113. Bg5 Kd4 114. Bd2 Bd6 115. Ba5 Ba3 116. Bd2 Bb2 117. Ba5 Bc3 118. Bd8 Ke4 119. Bg5 Bb4 120. Bh6 Bd6 121. Bg5 Bf4 122. Be7 Bc1 123. Bd6 Bb2 124. Bh2 Bd4 125. Bc7 g5 126. Bd8 Kf4 127. Kd3 Bf2 128. Kc4 Kxg4 129. b4 Kf4 130. Kb3 g4 131. Ka4 Kf3 132. Bc7 Bg3 133. Bd8 Bf4 134. Ka5 Bg5 135. Bb6 g3 136. Bc7 0-1

[Event "34th European Club Cup 2018"]
[Site "Halkidiki"]
[Date "2018.10.17"]
[Round "6"]
[White "Kalogeris, Ioannis"]
[Black "Huzman, Alexander"]
[Result "1/2-1/2"]
[WhiteElo "2351"]
[BlackElo "2571"]
[Annotator "ChessBase"]
[PlyCount "91"]
[EventDate "2018.10.12"]
[EventType "team-tourn"]
[EventCountry "GRE"]
[SourceTitle "playchess.com"]
[Source "ChessBase"]
[SourceQuality "1"]
[WhiteTeam "Thessalonikis"]
[BlackTeam "Beer Sheva"]

1. d4 Nf6 2. c4 e6 3. Nf3 d5 4. g3 Be7 5. Bg2 O-O 6. O-O dxc4 7. Qc2 a6 8. a4 Bd7 9. Ne5 Bc6 10. Nxc6 Nxc6 11. e3 Na5 12. Nd2 c5 13. dxc5 Bxc5 14. Nxc4 Nxc4 15. Qxc4 Qe7 16. Bd2 Rac8 17. Qb3 b6 18. a5 Rb8 19. axb6 Rxb6 20. Qc4 Rxb2 21. Bc3 Rbb8 22. Rxa6 Rbc8 23. Bc6 Nd7 24. Qg4 Nf6 25. Qg5 h6 26. Qe5 Bd6 27. Qa5 Rfd8 28. Rb1 Rb8 29. Qa1 Rxb1+ 30. Qxb1 Rb8 31. Qa1 Rc8 32. Ra7 Qd8 33. Qa6 Bc5 34. Bxf6 gxf6 35. Rd7 Qf8 36. Bf3 Rd8 37. Rb7 Rb8 38. Rc7 Bd6 39. Ra7 Bc5 40. Rd7 Rd8 41. Rc7 Bd6 42. Rc4 f5 43. Bh5 Qe7 44. Qa5 Rb8 45. Qd2 Be5 46. e4 1/2-1/2

[Event "34th European Club Cup 2018"]
[Site "Halkidiki"]
[Date "2018.10.17"]
[Round "6"]
[White "Kristensen, Kaare Hove"]
[Black "Liodakis, Konstantinos-Spyros"]
[Result "1-0"]
[WhiteElo "2347"]
[BlackElo "2182"]
[Annotator "NA"]
[PlyCount "139"]
[EventDate "2018.10.12"]
[EventType "team-tourn"]
[EventCountry "GRE"]
[SourceTitle "playchess.com"]
[Source "ChessBase"]
[SourceQuality "1"]
[WhiteTeam "Nordkalotten"]
[BlackTeam "Chania CA"]

1. d4 Nf6 2. c4 g6 3. Nc3 Bg7 4. e4 d6 5. Nf3 O-O 6. Be2 e5 7. O-O Nc6 8. dxe5 Nxe5 9. Nxe5 dxe5 10. Qc2 c6 11. Rd1 Qc7 12. Be3 Be6 13. Na4 b6 14. Nc3 Ng4 15. Bg5 h6 16. Bh4 f5 17. exf5 Bxf5 18. Ne4 Nf6 19. Bxf6 Bxf6 20. Nxf6+ Rxf6 21. Bd3 Rd8 22. Bxf5 gxf5 23. h3 Rd4 24. c5 bxc5 25. Qxc5 Qd6 26. Qxd6 Rfxd6 27. Rxd4 exd4 28. Kf1 Kf7 29. Ke2 Ke6 30. Kd3 Kd5 31. b4 f4 32. Rc1 Rg6 33. Rc5+ Kd6 34. Kxd4 Rxg2 35. Rh5 Rxf2 36. Rxh6+ Kc7 37. a4 f3 38. Rf6 Rf1 39. Ke3 Re1+ 40. Kf2 Re4 41. Kxf3 Rxb4 42. Rf4 Rb1 43. h4 c5 44. h5 Rh1 45. Kg4 Kb6 46. Kg5 Rg1+ 47. Rg4 Rd1 48. h6 Rd5+ 49. Kg6 Rd6+ 50. Kg7 Rd7+ 51. Kh8 Ka5 52. h7 Rd8+ 53. Kg7 Rd7+ 54. Kh6 Rd6+ 55. Kh5 Rd5+ 56. Kh6 Rd6+ 57. Kh5 Rd5+ 58. Kh4 Rd1 59. Rg3 Rd8 60. Rg8 Rd1 61. Kg3 Rh1 62. h8=Q Rxh8 63. Rxh8 Kxa4 64. Kf3 a5 65. Rb8 Ka3 66. Ke3 a4 67. Kd2 Ka2 68. Kc3 a3 69. Ra8 c4 70. Ra7 1-0

[Event "34th European Club Cup 2018"]
[Site "Halkidiki"]
[Date "2018.10.17"]
[Round "6"]
[White "Buhr, Carl Christian"]
[Black "Samoun, Florent"]
[Result "1-0"]
[WhiteElo "2342"]
[BlackElo "2322"]
[Annotator "NA"]
[PlyCount "101"]
[EventDate "2018.10.12"]
[EventType "team-tourn"]
[EventCountry "GRE"]
[SourceTitle "playchess.com"]
[Source "ChessBase"]
[SourceQuality "1"]
[WhiteTeam "Bonnevoie"]
[BlackTeam "Bois-Colombes"]

1. Nf3 c5 2. e4 Nc6 3. d4 cxd4 4. Nxd4 e5 5. Nb5 d6 6. a4 Be7 7. N1c3 a6 8. Na3 Nf6 9. Be3 Ng4 10. Nc4 Nxe3 11. Nxe3 O-O 12. Bc4 Be6 13. Ncd5 Rc8 14. Qd3 Bg5 15. c3 Bxe3 16. Nxe3 Qc7 17. Bd5 Ne7 18. a5 Rfd8 19. O-O Bxd5 20. exd5 Rf8 21. f4 exf4 22. Rxf4 Ng6 23. Rd4 Rfe8 24. Nf5 Re5 25. Rf1 Rce8 26. b4 Qd7 27. Qf3 Re1 28. Rd1 Rxd1 29. Qxd1 Ne7 30. Ng3 Ng6 31. Qd4 h6 32. c4 Re5 33. Qb6 h5 34. Qf2 Qe8 35. Nf5 Qd8 36. Nh6+ gxh6 37. Qxf7+ Kh8 38. Qxg6 Qe7 39. Qxh6+ Kg8 40. Qg6+ Kh8 41. Qf6+ Kg8 42. Qxe7 Rxe7 43. Rf6 Re4 44. c5 dxc5 45. bxc5 Re5 46. Rd6 Kf8 47. Kf2 Ke7 48. Kf3 Rf5+ 49. Ke3 Re5+ 50. Kf4 Re2 51. Re6+ 1-0

[Event "34th European Club Cup 2018"]
[Site "Halkidiki"]
[Date "2018.10.17"]
[Round "6"]
[White "Ranaldi, Lucas"]
[Black "Drzasga, Michael"]
[Result "1-0"]
[WhiteElo "2335"]
[BlackElo "2042"]
[Annotator "NA"]
[PlyCount "83"]
[EventDate "2018.10.12"]
[EventType "team-tourn"]
[EventCountry "GRE"]
[SourceTitle "playchess.com"]
[Source "ChessBase"]
[SourceQuality "1"]
[WhiteTeam "SK Oslo"]
[BlackTeam "Echternach"]

1. d4 d5 2. c4 e6 3. Nc3 Nf6 4. cxd5 exd5 5. Bg5 Be7 6. e3 O-O 7. Bd3 c6 8. Nge2 Re8 9. Qc2 Nbd7 10. O-O Nf8 11. f3 h6 12. Bh4 Ne6 13. Rad1 Qb6 14. Bf2 Bd7 15. Bf5 Nf8 16. Bxd7 N8xd7 17. Kh1 Rad8 18. e4 dxe4 19. fxe4 Qa5 20. a3 Nb6 21. Bg1 Qg5 22. Rf5 Qg6 23. Rdf1 Nh5 24. a4 Bg5 25. a5 Nc4 26. Rxf7 Nd2 27. R1f5 Nf6 28. R7xf6 gxf6 29. Ng3 Nc4 30. Qe2 Nd6 31. Rf3 h5 32. Qd3 h4 33. Nf5 Nxf5 34. Rxf5 Qf7 35. Qf3 Re6 36. e5 Qg6 37. Ne4 Rd5 38. b4 a6 39. Bf2 Kh7 40. Qg4 Kh6 41. h3 Qh5 42. Rxg5 1-0

[Event "34th European Club Cup 2018"]
[Site "Halkidiki"]
[Date "2018.10.17"]
[Round "6"]
[White "Lampen, Timo"]
[Black "Roberson, Peter T"]
[Result "0-1"]
[WhiteElo "2332"]
[BlackElo "2396"]
[Annotator "NA"]
[PlyCount "120"]
[EventDate "2018.10.12"]
[EventType "team-tourn"]
[EventCountry "GRE"]
[SourceTitle "playchess.com"]
[Source "ChessBase"]
[SourceQuality "1"]
[WhiteTeam "Comeon"]
[BlackTeam "Grantham"]

1. e4 e6 2. d4 d5 3. Nc3 Bb4 4. e5 c5 5. Bd2 Ne7 6. Nb5 Bxd2+ 7. Qxd2 O-O 8. f4 a6 9. Nd6 cxd4 10. Nf3 Nbc6 11. Bd3 f6 12. Qe2 Qa5+ 13. Kd1 Nf5 14. Bxf5 exf5 15. Re1 Qb4 16. Rb1 Be6 17. a3 Qb6 18. b4 Rad8 19. Rb3 h6 20. Rd3 fxe5 21. fxe5 f4 22. Nh4 Nxe5 23. Qxe5 Bg4+ 24. Kc1 Qxd6 25. h3 Qxe5 26. Rxe5 f3 27. Nxf3 Bxf3 28. gxf3 Rd7 29. Rxd4 Rxf3 30. h4 Rxa3 31. Rexd5 Rxd5 32. Rxd5 Rf3 33. h5 Rf6 34. Kb2 b5 35. Rd8+ Kh7 36. Rd5 g5 37. Rd7+ Kg8 38. Kc3 Rf7 39. Rd6 g4 40. Kd3 g3 41. Ke2 g2 42. Rd1 Rg7 43. Kf2 g1=Q+ 44. Rxg1 Rxg1 45. Kxg1 Kf7 46. Kf2 Kf6 47. Ke3 Kg5 48. Kd4 Kxh5 49. Kc5 Kg6 50. Kb6 h5 51. Kxa6 h4 52. Kxb5 h3 53. c4 h2 54. c5 h1=Q 55. c6 Kf7 56. Kb6 Ke7 57. b5 Kd8 58. Kb7 Qh7+ 59. Ka8 Qc7 60. b6 Qxc6+ 0-1

[Event "34th European Club Cup 2018"]
[Site "Halkidiki"]
[Date "2018.10.17"]
[Round "6"]
[White "Berg, Michael"]
[Black "Rosenthal, Jonathan"]
[Result "1-0"]
[WhiteElo "2331"]
[BlackElo "2315"]
[Annotator "NA"]
[PlyCount "81"]
[EventDate "2018.10.12"]
[EventType "team-tourn"]
[EventCountry "GRE"]
[SourceTitle "playchess.com"]
[Source "ChessBase"]
[SourceQuality "1"]
[WhiteTeam "Solingen"]
[BlackTeam "Zurich"]

1. d4 d5 2. c4 c6 3. Nf3 Nf6 4. Qb3 dxc4 5. Qxc4 Bf5 6. g3 Nbd7 7. Bg2 e6 8. O-O Be7 9. Rd1 O-O 10. e3 Qb8 11. Qe2 Bg6 12. Nc3 b5 13. Nd2 Bh5 14. f3 Bg6 15. e4 b4 16. Ncb1 c5 17. dxc5 Nxc5 18. Nc4 e5 19. Be3 Ne6 20. Nbd2 Nd7 21. Nb3 Ndc5 22. Nxc5 Bxc5 23. Bxc5 Nxc5 24. Rd5 Rc8 25. Nxe5 b3 26. Bh3 Ne6 27. Nd7 Qb7 28. axb3 Qxb3 29. Bxe6 fxe6 30. Rd2 Be8 31. Ne5 Bb5 32. Qf2 Rc7 33. Qd4 Be8 34. Kg2 h6 35. Ra3 Qb5 36. Rc3 Rac8 37. Rxc7 Rxc7 38. h4 Rc1 39. Nd3 Rb1 40. Qxa7 Bd7 41. Qa2 1-0

[Event "34th European Club Cup 2018"]
[Site "Halkidiki"]
[Date "2018.10.17"]
[Round "6"]
[White "Longson, Alexander"]
[Black "Sagit, Rauan"]
[Result "0-1"]
[WhiteElo "2329"]
[BlackElo "2434"]
[Annotator "ChessBase"]
[PlyCount "134"]
[EventDate "2018.10.12"]
[EventType "team-tourn"]
[EventCountry "GRE"]
[SourceTitle "playchess.com"]
[Source "ChessBase"]
[SourceQuality "1"]
[WhiteTeam "Oldham"]
[BlackTeam "Team Viking"]

1. e4 c5 2. Nf3 d6 3. d4 cxd4 4. Nxd4 Nf6 5. Nc3 a6 6. Be3 e5 7. Nb3 Be6 8. f3 h5 9. Nd5 Bxd5 10. exd5 Nbd7 11. Qd2 g6 12. Be2 Qc7 13. Rc1 Ng8 14. c4 b6 15. O-O a5 16. f4 a4 17. Na1 Nh6 18. fxe5 dxe5 19. c5 bxc5 20. Nc2 Nf5 21. Rxf5 gxf5 22. Na3 f4 23. Nb5 Qb6 24. Bf2 f3 25. d6 fxe2 26. Nc7+ Kd8 27. Nxa8 Qa6 28. Nc7 Qxd6 29. Qxd6 Bxd6 30. Nb5 Ke7 31. Rc2 f5 32. Rd2 Bb8 33. Rxe2 Rc8 34. Nc3 Nb6 35. Re3 Bd6 36. Rh3 Rh8 37. Nb5 e4 38. Rc3 Rc8 39. Rh3 Rh8 40. Rc3 Nd7 41. Nxd6 Kxd6 42. Ra3 Ra8 43. Be1 Nb6 44. Rg3 Nd5 45. Bd2 Rb8 46. Bc1 c4 47. Kf1 Ke5 48. Ke2 Nf4+ 49. Kd1 Nd3 50. Bd2 Nxb2+ 51. Kc2 Nd3 52. Bc3+ Kd5 53. Rg5 Rf8 54. Rxh5 e3 55. g4 e2 56. gxf5 e1=Q 57. Bxe1 Nxe1+ 58. Kc3 Nf3 59. Rh7 Ne5 60. Ra7 Rxf5 61. Ra5+ Ke4 62. Rxa4 Rf3+ 63. Kb4 Kd4 64. Ra8 Nd3+ 65. Kb5 Rf5+ 66. Kb6 c3 67. Rd8+ Kc4 0-1

[Event "34th European Club Cup 2018"]
[Site "Halkidiki"]
[Date "2018.10.17"]
[Round "6"]
[White "Lemmers, Oscar"]
[Black "In t Veld, Daan"]
[Result "1-0"]
[WhiteElo "2327"]
[BlackElo "2194"]
[Annotator "NA"]
[PlyCount "55"]
[EventDate "2018.10.12"]
[EventType "team-tourn"]
[EventCountry "GRE"]
[SourceTitle "playchess.com"]
[Source "ChessBase"]
[SourceQuality "1"]
[WhiteTeam "KGSRL"]
[BlackTeam "Deloitte"]

1. e4 c5 2. Nf3 e6 3. c3 Nf6 4. e5 Nd5 5. d4 cxd4 6. cxd4 d6 7. Bc4 Nc6 8. O-O Be7 9. Re1 O-O 10. exd6 Qxd6 11. Nc3 a6 12. Ne4 Qb4 13. Bb3 Rd8 14. Bd2 Qb6 15. Nc3 Nf6 16. Be3 Qa5 17. Qe2 Bd7 18. Rad1 Nb4 19. Ne5 Nbd5 20. Bg5 Bb5 21. Qf3 Bc6 22. Qh3 Qc7 23. Nxf7 Kxf7 24. Qxe6+ Kg6 25. Bxf6 gxf6 26. Bxd5 Bb4 27. Qg4+ Kh6 28. Re3 1-0

[Event "34th European Club Cup 2018"]
[Site "Halkidiki"]
[Date "2018.10.17"]
[Round "6"]
[White "Pantzar, Milton"]
[Black "Walton, Alan J"]
[Result "1-0"]
[WhiteElo "2326"]
[BlackElo "2152"]
[Annotator "NA"]
[PlyCount "75"]
[EventDate "2018.10.12"]
[EventType "team-tourn"]
[EventCountry "GRE"]
[SourceTitle "playchess.com"]
[Source "ChessBase"]
[SourceQuality "1"]
[WhiteTeam "Team Viking"]
[BlackTeam "Oldham"]

1. d4 e6 2. c4 d5 3. Nc3 Nf6 4. cxd5 exd5 5. Bg5 c6 6. e3 Be7 7. Bd3 Nbd7 8. Qc2 h6 9. Bh4 Nh5 10. Bxe7 Qxe7 11. O-O-O Nb6 12. Kb1 Be6 13. h3 O-O-O 14. Nf3 Nf6 15. Rc1 Kb8 16. Na4 Nxa4 17. Qxa4 Rc8 18. Rc3 Rc7 19. Rhc1 Qd6 20. Ne5 Nd7 21. Ra3 b5 22. Nxd7+ Bxd7 23. Qa5 Rhc8 24. Rac3 Rb7 25. a4 Qf6 26. axb5 cxb5 27. Rxc8+ Bxc8 28. Qb4 a6 29. Qc5 Bf5 30. Bxf5 Qxf5+ 31. Rc2 b4 32. b3 g6 33. Kb2 h5 34. h4 Qd7 35. Qf8+ Ka7 36. Rc8 Qb5 37. Ra8+ Kb6 38. Qd8+ 1-0

[Event "34th European Club Cup 2018"]
[Site "Halkidiki"]
[Date "2018.10.17"]
[Round "6"]
[White "Tryggestad, Andreas Garberg"]
[Black "Alekseenko, Kirill"]
[Result "1/2-1/2"]
[WhiteElo "2320"]
[BlackElo "2639"]
[Annotator "TA"]
[PlyCount "99"]
[EventDate "2018.10.12"]
[EventType "team-tourn"]
[EventCountry "GRE"]
[SourceTitle "playchess.com"]
[Source "ChessBase"]
[SourceQuality "1"]
[WhiteTeam "Nordstrand"]
[BlackTeam "St.Petersburg"]

1. d4 Nf6 2. Nf3 e6 3. c4 b6 4. g3 Ba6 5. b3 Bb4+ 6. Bd2 Be7 7. Bc3 d5 8. Nbd2 O-O 9. Bg2 Bb7 10. O-O Nbd7 11. Ne5 c5 12. cxd5 exd5 13. Nxd7 Qxd7 14. Rc1 Rac8 15. dxc5 bxc5 16. Bxf6 Bxf6 17. Ne4 Bd4 18. Ng5 Qe7 19. Nh3 Rfd8 20. Nf4 g5 21. Nxd5 Bxd5 22. Bxd5 Rxd5 23. e3 Rcd8 24. exd4 cxd4 25. Qd3 Kg7 26. Rc6 Re5 27. Rc4 Re4 28. b4 h6 29. a3 Rd6 30. Rd1 Qb7 31. Rc7 Qxc7 32. Qxe4 Qd7 33. Rd3 f5 34. Qe5+ Kg6 35. h3 Rd5 36. Qh8 Qd8 37. Qxd8 Rxd8 38. Kf1 g4 39. hxg4 fxg4 40. Ke2 Kf5 41. f3 h5 42. Rd1 Ke5 43. Rh1 gxf3+ 44. Kxf3 Rf8+ 45. Ke2 Rf5 46. Rc1 Ke4 47. Rc7 d3+ 48. Ke1 a6 49. Rc6 a5 50. Rc5 1/2-1/2

[Event "34th European Club Cup 2018"]
[Site "Halkidiki"]
[Date "2018.10.17"]
[Round "6"]
[White "Tesic, Dragan"]
[Black "Hasenohr, Benedict"]
[Result "1-0"]
[WhiteElo "2313"]
[BlackElo "2277"]
[Annotator "NA"]
[PlyCount "85"]
[EventDate "2018.10.12"]
[EventType "team-tourn"]
[EventCountry "GRE"]
[SourceTitle "playchess.com"]
[Source "ChessBase"]
[SourceQuality "1"]
[WhiteTeam "Sloven Ruma"]
[BlackTeam "Winterthur"]

1. d4 d5 2. c4 c6 3. Nf3 e6 4. e3 Bd6 5. Bd3 f5 6. Ne5 Bxe5 7. dxe5 dxc4 8. Bxc4 Qxd1+ 9. Kxd1 b5 10. Be2 Nd7 11. f4 Bb7 12. a4 a6 13. Nd2 O-O-O 14. Kc2 Ne7 15. Nb3 Nd5 16. Bd2 Kb8 17. Rhg1 N5b6 18. Ba5 bxa4 19. Nc5 Nxc5 20. Bxb6 Nb3 21. Rad1 Rd5 22. g4 fxg4 23. Rxg4 Rxd1 24. Bxd1 Rg8 25. Kc3 c5 26. Be2 Kc8 27. f5 Kd7 28. f6 g6 29. Rxa4 Kc6 30. Bf3+ Kxb6 31. Bxb7 Na5 32. Bf3 Nc6 33. Bxc6 Kxc6 34. e4 Kb5 35. Ra1 Rd8 36. Rf1 a5 37. b3 Kb6 38. Rf3 g5 39. Rd3 Re8 40. Rd6+ Kc7 41. Rxe6 Kd7 42. Rd6+ Kc7 43. Rd5 1-0

[Event "34th European Club Cup 2018"]
[Site "Halkidiki"]
[Date "2018.10.17"]
[Round "6"]
[White "Schiendorfer, Emanuel"]
[Black "Kosanovic, Goran A"]
[Result "1/2-1/2"]
[WhiteElo "2310"]
[BlackElo "2329"]
[Annotator "NA"]
[PlyCount "121"]
[EventDate "2018.10.12"]
[EventType "team-tourn"]
[EventCountry "GRE"]
[SourceTitle "playchess.com"]
[Source "ChessBase"]
[SourceQuality "1"]
[WhiteTeam "Winterthur"]
[BlackTeam "Sloven Ruma"]

1. Nf3 Nf6 2. g3 d5 3. Bg2 c6 4. O-O g6 5. c4 Bg7 6. d4 O-O 7. b3 Ne4 8. Bb2 Be6 9. Nbd2 Nxd2 10. Nxd2 c5 11. e3 cxd4 12. exd4 Nc6 13. cxd5 Bxd5 14. Bxd5 Qxd5 15. Nf3 Rfd8 16. Qe2 Rd6 17. Rac1 Re6 18. Qd1 b6 19. Ne5 Rd8 20. Nxc6 Rxc6 21. Rxc6 Qxc6 22. Qe2 e6 23. Rc1 Qd6 24. Rc4 b5 25. Rc1 a6 26. Qf3 Bxd4 27. Bxd4 Qxd4 28. Kg2 Rd5 29. Qc3 Qxc3 30. Rxc3 b4 31. Rc4 a5 32. Rc8+ Kg7 33. Ra8 h5 34. h4 Kf6 35. Ra7 e5 36. Kf3 Ke6 37. Ra6+ Kf5 38. Ke3 Rc5 39. Kf3 f6 40. Kg2 g5 41. hxg5 Kxg5 42. Kf3 f5 43. Ra8 e4+ 44. Ke3 Rc3+ 45. Kd2 Kg4 46. Rxa5 h4 47. gxh4 Rh3 48. Ke2 Rc3 49. h5 f4 50. h6 Rc2+ 51. Ke1 Rc1+ 52. Ke2 Rc2+ 53. Ke1 Rc6 54. Re5 Rxh6 55. Rxe4 Ra6 56. Rxb4 Rxa2 57. Rd4 Kf3 58. Rd3+ Ke4 59. Rc3 Kd4 60. Rc8 Rb2 61. Kf1 1/2-1/2

[Event "34th European Club Cup 2018"]
[Site "Halkidiki"]
[Date "2018.10.17"]
[Round "6"]
[White "Popovic, Milan S"]
[Black "Jens, Jelmer"]
[Result "1/2-1/2"]
[WhiteElo "2309"]
[BlackElo "2435"]
[Annotator "NA"]
[PlyCount "62"]
[EventDate "2018.10.12"]
[EventType "team-tourn"]
[EventCountry "GRE"]
[SourceTitle "playchess.com"]
[Source "ChessBase"]
[SourceQuality "1"]
[WhiteTeam "Partizan"]
[BlackTeam "Leiden"]

1. e4 e5 2. Nf3 Nc6 3. Nc3 Nf6 4. Bb5 Bd6 5. a3 a6 6. Bc4 Bc5 7. d3 d6 8. Nd5 Nxd5 9. Bxd5 Be6 10. Bxe6 fxe6 11. Be3 Bxe3 12. fxe3 d5 13. O-O O-O 14. Qe2 Qd6 15. Rf2 Qe7 16. Raf1 Rad8 17. Nd2 Rxf2 18. Qxf2 a5 19. exd5 exd5 20. d4 h6 21. c3 exd4 22. exd4 Re8 23. a4 Qe3 24. Qxe3 Rxe3 25. Kf2 Re8 26. Nf3 b6 27. Re1 Rxe1 28. Nxe1 Kf7 29. Kf3 Kf6 30. Nd3 Kf5 31. g4+ Kf6 1/2-1/2

[Event "34th European Club Cup 2018"]
[Site "Halkidiki"]
[Date "2018.10.17"]
[Round "6"]
[White "Dek, Lennart"]
[Black "Rozentalis, Eduardas"]
[Result "1-0"]
[WhiteElo "2304"]
[BlackElo "2522"]
[Annotator "TA"]
[PlyCount "163"]
[EventDate "2018.10.12"]
[EventType "team-tourn"]
[EventCountry "GRE"]
[SourceTitle "playchess.com"]
[Source "ChessBase"]
[SourceQuality "1"]
[WhiteTeam "Deloitte"]
[BlackTeam "KGSRL"]

1. e4 c6 2. d4 d5 3. Nc3 g6 4. h3 Bg7 5. Nf3 Nh6 6. Bf4 f6 7. Qd2 Nf7 8. O-O-O O-O 9. Kb1 a5 10. Be2 b5 11. exd5 b4 12. Na4 cxd5 13. Nc5 Qb6 14. Be3 a4 15. h4 b3 16. cxb3 axb3 17. a3 Nc6 18. h5 g5 19. Rc1 Na5 20. Rc3 Nh6 21. Qd1 Ra7 22. Ne1 Bf5+ 23. Bd3 e6 24. Rg1 Nc4 25. Rxb3 Qd6 26. g4 Bxd3+ 27. Nexd3 e5 28. Nb4 e4 29. Na2 Nxe3 30. fxe3 f5 31. gxf5 Rxf5 32. Nc3 Raf7 33. Ka2 g4 34. Rb7 Rxb7 35. Nxb7 Qh2 36. Rh1 Qf2 37. Nd6 Rf6 38. Ndxe4 dxe4 39. Nxe4 Qxe3 40. Nxf6+ Bxf6 41. Re1 Qxd4 42. Qb3+ Kg7 43. Qb7+ Nf7 44. Re4 Qd1 45. Re8 Qc2 46. Qb4 Kh6 47. Qf4+ Kg7 48. Qxg4+ Ng5 49. Rb8 Qc6 50. Qb4 Kh6 51. Rb6 Qd5+ 52. Qb3 Qd4 53. a4 Kxh5 54. a5 Qc5 55. Rb5 Qf2 56. a6 Bd4 57. Qd5 h6 58. Rb4 Ba7 59. Rb3 Qf1 60. Qb5 Qg2 61. Qb7 Qf2 62. Qh1+ Kg6 63. Qc6+ Kh5 64. Qe8+ Kg4 65. Rb4+ Kg3 66. Qh5 Qf5 67. Qh4+ Kf3 68. Rb3+ Ke2 69. Qc4+ Kf2 70. Rb5 Qf3 71. Qh4+ Kg2 72. Qxh6 Qf7+ 73. Rb3 Qd5 74. Qg6 Qa5+ 75. Ra3 Qd5+ 76. Ka1 Qd1+ 77. Qb1 Qe2 78. Qc1 Ne4 79. Ra4 Be3 80. Qc6 Qf1+ 81. Ka2 Qf7+ 82. Rc4 1-0

[Event "34th European Club Cup 2018"]
[Site "Halkidiki"]
[Date "2018.10.17"]
[Round "6"]
[White "De Groote, Ewoud"]
[Black "Noiroux, Kevin"]
[Result "1/2-1/2"]
[WhiteElo "2292"]
[BlackElo "2118"]
[Annotator "NA"]
[PlyCount "101"]
[EventDate "2018.10.12"]
[EventType "team-tourn"]
[EventCountry "GRE"]
[SourceTitle "playchess.com"]
[Source "ChessBase"]
[SourceQuality "1"]
[WhiteTeam "BSG"]
[BlackTeam "Echiquier Amaytois"]

1. e4 c5 2. Nf3 e6 3. g3 d5 4. exd5 exd5 5. d4 Nf6 6. Bg2 Be7 7. O-O O-O 8. Nc3 Ne4 9. dxc5 Nxc3 10. bxc3 Bxc5 11. Qd3 h6 12. Nd4 Na6 13. Re1 Qf6 14. Rb1 Rd8 15. Bf4 Bd6 16. Bxd6 Qxd6 17. Nf5 Bxf5 18. Qxf5 Nc7 19. Rxb7 Rab8 20. Rb3 Re8 21. Rd1 Rbd8 22. c4 Re5 23. Qf3 d4 24. Qc6 Qxc6 25. Bxc6 Rc5 26. Bd5 Nxd5 27. Rxd4 Rd7 28. Rxd5 Rdxd5 29. cxd5 Rxd5 30. Kf1 Ra5 31. a3 Kf8 32. Ke2 Ke7 33. Rd3 h5 34. h4 g6 35. Kd2 Ra4 36. Kc1 f6 37. Kb2 g5 38. hxg5 fxg5 39. Rd5 Kf6 40. f3 Rc4 41. Ra5 Rc7 42. Ra6+ Kg7 43. Rd6 Rf7 44. Rd3 Kf6 45. c4 h4 46. Rd6+ Ke7 47. Rd5 hxg3 48. Rxg5 Rxf3 49. c5 Kd7 50. Rg6 Kc7 51. a4 1/2-1/2

[Event "34th European Club Cup 2018"]
[Site "Halkidiki"]
[Date "2018.10.17"]
[Round "6"]
[White "Vedder, Richard"]
[Black "Petrakis, Stylianos"]
[Result "1-0"]
[WhiteElo "2288"]
[BlackElo "2000"]
[Annotator "NA"]
[PlyCount "115"]
[EventDate "2018.10.12"]
[EventType "team-tourn"]
[EventCountry "GRE"]
[SourceTitle "playchess.com"]
[Source "ChessBase"]
[SourceQuality "1"]
[WhiteTeam "En Passant"]
[BlackTeam "Chania CC"]

1. e4 e6 2. Qe2 c5 3. Nf3 Nc6 4. c3 d5 5. d3 dxe4 6. dxe4 e5 7. g3 g6 8. Bg2 Bg7 9. O-O Nge7 10. Be3 b6 11. Na3 a6 12. Nc4 O-O 13. a4 Be6 14. Ng5 Bxc4 15. Qxc4 h6 16. Nf3 Na5 17. Qe2 c4 18. Nd2 Rc8 19. Rfd1 Qc7 20. Bh3 Rcd8 21. Bf1 Rc8 22. b4 cxb3 23. Qxa6 Rb8 24. Nc4 Nxc4 25. Qxc4 Qxc4 26. Bxc4 Rfc8 27. Bxb3 Rxc3 28. Rab1 Kf8 29. Rd6 Nc8 30. Rd5 Ke7 31. Rb5 Ra8 32. Bc1 Rxb3 33. R1xb3 Rxa4 34. Ba3+ Kf6 35. Rc3 Ra7 36. Rc6+ Kg5 37. Bc1+ Kg4 38. Rxc8 Kh3 39. Rxb6 h5 40. Be3 Rd7 41. Rb1 f5 42. Rbc1 Rd3 43. exf5 gxf5 44. R8c7 Bf6 45. Rh7 h4 46. Rh5 f4 47. gxf4 exf4 48. Bxf4 Kg4 49. Rh6 Bg7 50. Rg6+ Kh3 51. Kf1 Be5 52. Be3 Bf4 53. Re6 Bxh2 54. Ke2 Rb3 55. Re4 Rb2+ 56. Kf3 Rb5 57. Rcc4 Rh5 58. Bg5 1-0